000 01297cam a2200361 i 4500
001 711196
003 EG-ScBUE
005 20241008085119.0
008 971107s1998 gw f b 001 0 eng d
020 _a3540636862 (v. 2)
020 _a9783540636861 (v. 2)
040 _aDLC
_beng
_erda
_cDLC
_dDLC
_dEG-ScBUE
041 1 _aeng
_hger
082 0 4 _222
_a515.076
_bPÓL
100 1 _aPólya, George,
_d1887-1985,
_eauthor.
245 1 0 _aProblems and theorems in analysis /
_cGeorge Póllya, Gabor Szegő ; translated by C. E. Billigheimer.
264 1 _aBerlin :
_bSpringer-Verlag,
_c1998.
300 _a2 volumes ;
_c24 cm.
336 _2rdacontent
_atext
_btxt
337 _aunmediated
_2rdamedia
_bn
338 _avolume
_bnc
_2rdacarrier
490 0 _aClassics in mathematics
504 _aIncludes bibliographical references and index.
505 1 _aVolume 2. Theory of functions, zeros, polynomials, determinants, number theory, geometry.
546 _aText in English ; translated from the original Germany.
650 7 _aMathematical analysis
_vProblems, exercises, etc.
_2BUEsh
651 _2BUEsh
653 _bGGEN
_cFebruary2018
655 _vReading book
700 1 _aSzegő, Gábor,
_d1895-1985,
_eauthor.
700 1 _aBilligheimer, C. E.,
_etranslator.
942 _2ddc
_cBB
999 _c26113
_d26085